[Event "Southend Easter U1700 rapid op 67th"]
[Site "Southend"]
[Date "2025.04.17"]
[Round "1"]
[White "Bloom, Xander I"]
[Black "Fortunato, Bartolomeo"]
[Result "1-0"]
[WhiteElo "1552"]
[BlackElo "1680"]
[PlyCount "63"]
[EventDate "2025.04.17"]
[EventType "swiss (rapid)"]
[EventRounds "6"]
[EventCountry "ENG"]
[SourceTitle "CB18_2025"]
[SourceDate "2025.04.30"]
[SourceVersion "1"]
[SourceVersionDate "2025.04.30"]
[SourceQuality "1"]

1. d4 Nf6 2. c4 e6 3. Nf3 d5 4. g3 c5 5. cxd5 exd5 6. Bg2 Nc6 7. 0-0 c4 8. b3 b5 9. a4 Na5 10. Nfd2 bxa4 11. bxc4 Nxc4 12. Nxc4 dxc4 13. Bxa8 Bh3 14. Bg2 Bxg2 15. Kxg2 Be7 16. Qxa4+ Nd7 17. Ba3 0-0 18. Bxe7 Qxe7 19. Qxc4 Nb6 20. Qa2 Nc8 21. Nc3 h5 22. h4 g5 23. hxg5 Qxg5 24. Rh1 Kg7 25. Qd5 f5 26. Qe5+ Kg6 27. Ra6+ Kf7 28. Rb1 Re8 29. Rb7+ Ne7 30. Nd5 h4 31. Rxe7+ Rxe7 32. Qxe7+ 1-0